000 00567nam a22001937a 4500
003 SEKU
005 20160121132457.0
008 160121b xxu||||| |||| 00| 0 eng d
020 _a9780132216418
040 _aSEKU
050 _aQA276.12
_b.C64 2008
100 _aEvans N. Annabel
245 _aUsing basic statistics in the social sciences
250 _a4th ed.
260 _aToronto
_bPearson prentice hall
300 _aviii-xiii,.: 552 p.;
_bdrw
500 _aincludes table of contents and index
942 _2lcc
_cGEN
_hQA276.12
_i.C64 2008
999 _c9944
_d9944